[Event "12th Delhi International Grandmasters Chess Tourna"]
[Site "Ludlow Castle,New Delhi (INDIA)"]
[Date "2014.01.13"]
[Round "7"]
[Board "10"]
[White "Ravichandran, Siddharth"]
[Black "Gomez, John Paul"]
[Result "0-1"]
[WhiteElo "2393"]
[BlackElo "2541"]
[PlyCount "80"]
[EventDate "2014.01.09"]
[EventRounds "10"]
[EventCountry "IND"]

1. e4 e6 2. d4 d5 3. Nc3 Nf6 4. Bg5 dxe4 5. Nxe4 Nbd7 6. Nxf6+ Nxf6 7. Nf3 h6
8. Bxf6 Qxf6 9. Bb5+ c6 10. Bd3 Bd6 11. Qe2 Bd7 12. Ne5 O-O-O 13. c3 c5 14. O-O
Kb8 15. a4 Bc8 16. a5 cxd4 17. cxd4 Bc7 18. Qe3 Rd5 19. Be4 Bxe5 20. dxe5 Rxe5
21. Rfc1 a6 22. Ra4 Rb5 23. Rac4 Rd8 24. b4 Qe5 25. f4 Qf6 26. Qf2 Bd7 27. Rc7
Rc8 28. Rxc8+ Bxc8 29. Qd2 e5 30. f5 g6 31. Qxh6 Qd8 32. fxg6 fxg6 33. Bxg6
Rxb4 34. h3 Be6 35. Re1 Qxa5 36. Qf8+ Ka7 37. Rxe5 Qa1+ 38. Kf2 Qd4+ 39. Re3
Rb2+ 40. Kf3 Bd5+ 0-1

[Event "12th Delhi International Grandmasters Chess Tourna"]
[Site "Ludlow Castle,New Delhi (INDIA)"]
[Date "2014.01.13"]
[Round "7"]
[Board "11"]
[White "Karthikeyan, P."]
[Black "Arun Prasad, S."]
[Result "1/2-1/2"]
[WhiteElo "2342"]
[BlackElo "2504"]
[PlyCount "87"]
[EventDate "2014.01.09"]
[EventRounds "10"]
[EventCountry "IND"]

1. d4 Nf6 2. c4 e6 3. Nf3 b6 4. g3 Bb4+ 5. Bd2 Bxd2+ 6. Nbxd2 Bb7 7. Bg2 O-O 8.
O-O c5 9. e3 d6 10. Qe2 Qc7 11. e4 cxd4 12. Nxd4 a6 13. Rfd1 Nbd7 14. a4 Rfe8
15. a5 bxa5 16. N4b3 Rab8 17. Nxa5 Ba8 18. b3 Nc5 19. e5 dxe5 20. Bxa8 Rxa8 21.
b4 Ncd7 22. Ne4 Nxe4 23. Qxe4 Rec8 24. Rd2 Nf6 25. Qe1 Rab8 26. Rad1 Ne8 27.
Rd7 Qb6 28. Qxe5 Qxb4 29. Qf4 f6 30. Ra1 Qc5 31. Qe4 Rb6 32. Rb7 f5 33. Qe2
Rxb7 34. Nxb7 Qxc4 35. Qxc4 Rxc4 36. Rxa6 Nc7 37. Rd6 Kf7 38. Rd7+ Kg6 39. Nd8
h6 40. Re7 Kf6 41. Rf7+ Kg6 42. Re7 Kf6 43. Rf7+ Kg6 44. Re7 1/2-1/2

[Event "12th Delhi International Grandmasters Chess Tourna"]
[Site "Ludlow Castle,New Delhi (INDIA)"]
[Date "2014.01.13"]
[Round "7"]
[Board "12"]
[White "Karthikeyan, Murali"]
[Black "Stany, G.A."]
[Result "1-0"]
[WhiteElo "2472"]
[BlackElo "2404"]
[PlyCount "55"]
[EventDate "2014.01.09"]
[EventRounds "10"]
[EventCountry "IND"]

1. e4 c5 2. Nf3 Nc6 3. Bb5 d6 4. Bxc6+ bxc6 5. O-O e5 6. Re1 Ne7 7. h3 Ng6 8.
c3 Be7 9. d4 cxd4 10. cxd4 O-O 11. Be3 Qa5 12. Nbd2 Be6 13. Qc2 Rfc8 14. b3 f6
15. Nc4 Qa6 16. dxe5 Nxe5 17. Nfxe5 dxe5 18. Red1 Rd8 19. Nb2 Rxd1+ 20. Rxd1 c5
21. Bxc5 Bxc5 22. Qxc5 Re8 23. Na4 Qe2 24. Nc3 Qc2 25. Kh2 Rc8 26. Qe7 Bxh3 27.
Kxh3 Qxc3+ 28. Kh2 1-0

[Event "12th Delhi International Grandmasters Chess Tourna"]
[Site "Ludlow Castle,New Delhi (INDIA)"]
[Date "2014.01.14"]
[Round "8"]
[Board "1"]
[White "Gupta, Abhijeet"]
[Black "Ankit, R. Rajpara"]
[Result "1/2-1/2"]
[WhiteElo "2606"]
[BlackElo "2443"]
[PlyCount "48"]
[EventDate "2014.01.09"]
[EventRounds "10"]
[EventCountry "IND"]

1. c4 c6 2. Nf3 d5 3. g3 Nf6 4. Bg2 Bg4 5. Ne5 Be6 6. cxd5 Bxd5 7. Nf3 c5 8.
O-O e6 9. Nc3 Bc6 10. Re1 Nbd7 11. e4 c4 12. b3 cxb3 13. axb3 Bb4 14. Nd4 Ne5
15. Nxc6 Nxc6 16. e5 Nxe5 17. Ra4 Nd3 18. Re3 Bc5 19. Bxb7 Rb8 20. Bc6+ Kf8 21.
Ne4 Nxe4 22. Bxe4 Bxe3 23. dxe3 Nxc1 24. Qxc1 Rc8 1/2-1/2

[Event "12th Delhi International Grandmasters Chess Tourna"]
[Site "Ludlow Castle,New Delhi (INDIA)"]
[Date "2014.01.14"]
[Round "8"]
[Board "2"]
[White "Sattarov, Bobir"]
[Black "Lalith, Babu M.R."]
[Result "1/2-1/2"]
[WhiteElo "2194"]
[BlackElo "2579"]
[PlyCount "177"]
[EventDate "2014.01.09"]
[EventRounds "10"]
[EventCountry "IND"]

1. Nf3 d5 2. g3 Nd7 3. Bg2 e5 4. d3 Ngf6 5. O-O Bd6 6. Nc3 O-O 7. e4 dxe4 8.
Nxe4 Nxe4 9. dxe4 Nc5 10. Nd2 Be6 11. Qe2 Qd7 12. Re1 Bg4 13. f3 Be6 14. Nc4
Qc6 15. Nxd6 cxd6 16. Be3 Na4 17. c3 d5 18. exd5 Bxd5 19. Red1 a6 20. Rd2 Rac8
21. f4 Bxg2 22. Qxg2 Qb5 23. fxe5 Qxe5 24. Bd4 Qc7 25. Qf2 f6 26. Re1 Qf7 27.
Qf3 b5 28. b3 Nc5 29. Rde2 Rc7 30. Qf5 Qd7 31. Qxd7 Nxd7 32. Re7 Rfc8 33. R1e6
Kf8 34. b4 Ra8 35. Re2 Rac8 36. R2e6 Ra8 37. Re2 Rac8 38. Kg2 Ne5 39. Bxe5 fxe5
40. R7xe5 Rxc3 41. Rf2+ Kg8 42. Re6 R3c6 43. Re7 Rc2 44. Re8+ Rxe8 45. Rxc2 Re3
46. Rf2 Ra3 47. Kh3 Ra4 48. Rb2 Kf7 49. Kg4 Kf6 50. Kh5 Ra3 51. Rf2+ Ke6 52. g4
Re3 53. Kg5 Re4 54. a3 Re3 55. h4 Rxa3 56. h5 Rd3 57. Ra2 Rd5+ 58. Kf4 Rd4+ 59.
Kg5 h6+ 60. Kh4 Rd6 61. g5 Rd4+ 62. Kg3 hxg5 63. Rxa6+ Kf5 64. Ra7 Rd3+ 65. Kf2
Kg4 66. Rxg7 Kxh5 67. Rb7 Rd5 68. Kf3 Rf5+ 69. Kg3 Kg6 70. Rb6+ Kf7 71. Kg4 Re5
72. Kf3 Ke7 73. Rg6 Kd7 74. Rb6 Kc7 75. Rf6 Kc8 76. Rb6 Kd7 77. Rf6 Kc7 78. Rg6
Kb7 79. Rf6 Re1 80. Rg6 Rb1 81. Rxg5 Rxb4 82. Rg6 Rd4 83. Ke3 Rd1 84. Ke2 Rd5
85. Rh6 Kc7 86. Ke3 Kb7 87. Ke2 Kc7 88. Ke3 Kb7 89. Ke2 1/2-1/2

[Event "12th Delhi International Grandmasters Chess Tourna"]
[Site "Ludlow Castle,New Delhi (INDIA)"]
[Date "2014.01.14"]
[Round "8"]
[Board "4"]
[White "Sengupta, Deep"]
[Black "Evdokimov, Alexander A."]
[Result "0-1"]
[WhiteElo "2538"]
[BlackElo "2558"]
[PlyCount "148"]
[EventDate "2014.01.09"]
[EventRounds "10"]
[EventCountry "IND"]

1. e4 c6 2. d4 d5 3. Nc3 dxe4 4. Nxe4 Bf5 5. Ng3 Bg6 6. h4 h6 7. Nf3 Nd7 8. h5
Bh7 9. Bd3 Bxd3 10. Qxd3 e6 11. Bd2 Ngf6 12. O-O-O Be7 13. Kb1 O-O 14. Ne4 Nxe4
15. Qxe4 Nf6 16. Qe2 Qd5 17. Be3 Qb5 18. c4 Qf5+ 19. Ka1 c5 20. Nh4 Qh7 21. d5
exd5 22. cxd5 Rad8 23. Qf3 Qe4 24. Nf5 Rfe8 25. Qxe4 Nxe4 26. f3 Nd6 27. Nxe7+
Rxe7 28. Bxc5 b6 29. Bb4 Re2 30. g4 Nc4 31. Rd4 Ne3 32. Kb1 Nc2 33. Rd2 Rxd2
34. Bxd2 Nd4 35. Rd1 Nxf3 36. Bf4 f6 37. Kc2 Ne5 38. Bxe5 fxe5 39. Kb3 Kf7 40.
Kc4 Ke7 41. Rf1 Rd7 42. b3 Kd6 43. Rf8 Rc7+ 44. Kd3 Kxd5 45. Rd8+ Ke6 46. Ke4
Rc2 47. Re8+ Kf7 48. Rxe5 Rxa2 49. Rf5+ Ke6 50. Re5+ Kd6 51. Rd5+ Kc6 52. Rd8
Rf2 53. Ke5 Rf7 54. Ke6 Rf4 55. g5 hxg5 56. Rd6+ Kc5 57. Rd5+ Kb4 58. Rxg5 Kxb3
59. Rxg7 Rh4 60. Rg5 a5 61. Kf6 a4 62. Rg3+ Kb4 63. Kg5 Rh2 64. Rg4+ Kb3 65.
Rg3+ Kb2 66. Rg4 Kb3 67. Rg3+ Kb4 68. Rg4+ Ka5 69. Rg3 b5 70. h6 b4 71. Kg6 a3
72. Kg7 a2 73. Rg1 b3 74. h7 b2 0-1

[Event "12th Delhi International Grandmasters Chess Tourna"]
[Site "Ludlow Castle,New Delhi (INDIA)"]
[Date "2014.01.14"]
[Round "8"]
[Board "5"]
[White "Gagunashvili, Merab"]
[Black "Deepan, Chakkravarthy J."]
[Result "1/2-1/2"]
[WhiteElo "2547"]
[BlackElo "2475"]
[PlyCount "35"]
[EventDate "2014.01.09"]
[EventRounds "10"]
[EventCountry "IND"]

1. Nf3 d5 2. g3 Nf6 3. Bg2 Bf5 4. c4 c6 5. Qb3 Qc8 6. cxd5 cxd5 7. Nc3 e6 8. d3
Nc6 9. Bf4 Be7 10. Nb5 O-O 11. Nd6 Bxd6 12. Bxd6 Re8 13. O-O e5 14. Rfc1 Qd7
15. Bc5 Rac8 16. Qd1 Bh3 17. Bh1 h6 18. Nd2 1/2-1/2

[Event "12th Delhi International Grandmasters Chess Tourna"]
[Site "Ludlow Castle,New Delhi (INDIA)"]
[Date "2014.01.14"]
[Round "8"]
[Board "6"]
[White "Karthikeyan, Murali"]
[Black "Vaibhav, Suri"]
[Result "1/2-1/2"]
[WhiteElo "2472"]
[BlackElo "2547"]
[PlyCount "48"]
[EventDate "2014.01.09"]
[EventRounds "10"]
[EventCountry "IND"]

1. e4 c5 2. Nf3 e6 3. d4 cxd4 4. Nxd4 Nc6 5. Nc3 Qc7 6. Be2 a6 7. O-O Nf6 8.
Be3 Be7 9. f4 d6 10. Kh1 O-O 11. a4 Bd7 12. Qe1 Nb4 13. Qg3 Kh8 14. Bd3 Nxd3
15. cxd3 Qa5 16. f5 Qb4 17. Ra2 Rac8 18. a5 exf5 19. exf5 Rfe8 20. h3 Bd8 21.
Nc2 Qb3 22. Nd4 Qb4 23. Nc2 Qb3 24. Nd4 Qb4 1/2-1/2

[Event "12th Delhi International Grandmasters Chess Tourna"]
[Site "Ludlow Castle,New Delhi (INDIA)"]
[Date "2014.01.14"]
[Round "8"]
[Board "7"]
[White "Gomez, John Paul"]
[Black "Swayams, Mishra"]
[Result "1-0"]
[WhiteElo "2541"]
[BlackElo "2426"]
[PlyCount "111"]
[EventDate "2014.01.09"]
[EventRounds "10"]
[EventCountry "IND"]

1. d4 e6 2. c4 b6 3. Nc3 Bb7 4. a3 Nf6 5. Nf3 d5 6. cxd5 Nxd5 7. e3 Be7 8. Bb5+
c6 9. Bd3 O-O 10. e4 Nxc3 11. bxc3 Qc7 12. Qe2 Nd7 13. Bb2 c5 14. Rd1 cxd4 15.
cxd4 Bxa3 16. Rc1 Qd6 17. e5 Qb4+ 18. Bc3 Qe7 19. Rb1 Rfc8 20. Bd2 Nf8 21. h4
Rc7 22. Rh3 Rac8 23. Qe3 Kh8 24. Rg3 f5 25. exf6 gxf6 26. Ne5 Qd8 27. Qf4 Bd6
28. Qg4 Ng6 29. Bxg6 fxe5 30. Be4 Bxe4 31. Qxe4 Qf6 32. Rb5 exd4 33. Rf3 Qg6
34. Qxd4+ e5 35. Qd5 Rc1+ 36. Ke2 R1c2 37. h5 Qe8 38. Kd1 Qc6 39. Rd3 Qxd5 40.
Rbxd5 Bf8 41. Rd8 R2c6 42. Bb4 e4 43. R3d5 Kg8 44. Rg5+ Kf7 45. Rxf8+ Rxf8 46.
Rf5+ Ke6 47. Rxf8 a5 48. Bd2 a4 49. Rh8 Rc7 50. Rb8 Rc6 51. Rb7 Kd5 52. Rxh7
Kc4 53. h6 Kb3 54. Ra7 a3 55. h7 Rc8 56. Bg5 1-0

[Event "12th Delhi International Grandmasters Chess Tourna"]
[Site "Ludlow Castle,New Delhi (INDIA)"]
[Date "2014.01.14"]
[Round "8"]
[Board "9"]
[White "Pantsulaia, Levan"]
[Black "Rathnakaran, K."]
[Result "1-0"]
[WhiteElo "2614"]
[BlackElo "2401"]
[PlyCount "67"]
[EventDate "2014.01.09"]
[EventRounds "10"]
[EventCountry "IND"]

1. Nf3 Nf6 2. c4 c5 3. g3 g6 4. Bg2 Bg7 5. O-O O-O 6. Nc3 Nc6 7. d4 cxd4 8.
Nxd4 Ng4 9. e3 d6 10. b3 Nxd4 11. exd4 Rb8 12. Bb2 a6 13. Rc1 Nh6 14. Rc2 Bg4
15. f3 Bd7 16. g4 b5 17. c5 b4 18. Nd5 Bc6 19. Nb6 f5 20. Re1 fxg4 21. fxg4
Bxg2 22. Rxg2 e6 23. Qe2 dxc5 24. Qxe6+ Rf7 25. Nd5 Qh4 26. dxc5 Bxb2 27. Rxb2
Rd8 28. Rbe2 Nxg4 29. Rf1 Rdf8 30. c6 Qg5 31. h4 Qxh4 32. Rxf7 Rxf7 33. c7 Qg3+
34. Rg2 1-0

[Event "12th Delhi International Grandmasters Chess Tourna"]
[Site "Ludlow Castle,New Delhi (INDIA)"]
[Date "2014.01.14"]
[Round "8"]
[Board "12"]
[White "Dzhumaev, Marat"]
[Black "Karthikeyan, P."]
[Result "1-0"]
[WhiteElo "2521"]
[BlackElo "2342"]
[PlyCount "125"]
[EventDate "2014.01.09"]
[EventRounds "10"]
[EventCountry "IND"]

1. e4 c5 2. Nf3 d6 3. d4 cxd4 4. Nxd4 Nf6 5. Nc3 a6 6. g3 g6 7. Bg2 Bg7 8. O-O
Bg4 9. Nde2 Nc6 10. h3 Bd7 11. a4 O-O 12. Re1 Rc8 13. Nd5 Na5 14. Ra2 Ne8 15.
Be3 Nc4 16. Bd4 Bxd4 17. Qxd4 e6 18. Ndc3 Qb6 19. Qxb6 Nxb6 20. Rd1 Rc7 21. f4
f5 22. b3 Kf7 23. Rd2 Ke7 24. Ra1 Nf6 25. Rad1 Nc8 26. e5 dxe5 27. fxe5 Nh5 28.
g4 Ng7 29. Nf4 Bc6 30. g5 Nb6 31. a5 Nd7 32. Bxc6 bxc6 33. Re1 Nh5 34. Nxh5
gxh5 35. Kf2 c5 36. Ne2 f4 37. Ng1 Rb8 38. Re4 c4 39. bxc4 Rc5 40. Nf3 Rxa5 41.
Rde2 Rc5 42. Rxf4 a5 43. Rh4 a4 44. Re3 Rb2 45. Nd4 Nxe5 46. Rhe4 Rxc4 47. Rxe5
Rxd4 48. Rxe6+ Kd8 49. Re8+ Kd7 50. R8e7+ Kd6 51. Rxh7 Rxc2+ 52. Kg3 h4+ 53.
Rxh4 Rxh4 54. Kxh4 Kc5 55. Kh5 Kb4 56. h4 a3 57. Kh6 a2 58. Re1 Kb3 59. Ra1 Kb2
60. Rxa2+ Kxa2 61. g6 Kb3 62. g7 Rg2 63. Kh7 1-0

[Event "12th Delhi International Grandmasters Chess Tourna"]
[Site "Ludlow Castle,New Delhi (INDIA)"]
[Date "2014.01.14"]
[Round "8"]
[Board "13"]
[White "Arun Prasad, S."]
[Black "Vignesh, Nr"]
[Result "1/2-1/2"]
[WhiteElo "2504"]
[BlackElo "2354"]
[PlyCount "51"]
[EventDate "2014.01.09"]
[EventRounds "10"]
[EventCountry "IND"]

1. d4 Nf6 2. c4 e6 3. Nc3 Bb4 4. e3 O-O 5. Bd3 d5 6. a3 Be7 7. Nf3 b6 8. O-O c5
9. Qe2 Bb7 10. Rd1 Nbd7 11. b3 cxd4 12. exd4 dxc4 13. bxc4 Bxf3 14. Qxf3 e5 15.
Be3 Rc8 16. Qh3 exd4 17. Bxd4 g6 18. Be2 Qc7 19. Qh6 Rfd8 20. Nb5 Qb8 21. Bb2
a6 22. Nd4 Bf8 23. Qh3 Bg7 24. Nf3 Re8 25. Bf1 Nc5 26. Rab1 1/2-1/2

[Event "12th Delhi International Grandmasters Chess Tourna"]
[Site "Ludlow Castle,New Delhi (INDIA)"]
[Date "2014.01.14"]
[Round "8"]
[Board "14"]
[White "Saravanan, V."]
[Black "Grover, Sahaj"]
[Result "1-0"]
[WhiteElo "2341"]
[BlackElo "2478"]
[PlyCount "31"]
[EventDate "2014.01.09"]
[EventRounds "10"]
[EventCountry "IND"]

1. Nf3 Nf6 2. c4 g6 3. Nc3 d5 4. cxd5 Nxd5 5. Qa4+ Bd7 6. Qb3 Nb6 7. d4 Bg7 8.
Bf4 O-O 9. Rd1 Be6 10. d5 Bxc3+ 11. bxc3 Bd7 12. Qa3 Nc4 13. Qc1 c6 14. e4 cxd5
15. Bxc4 dxc4 16. Bxb8 1-0

[Event "12th Delhi International Grandmasters Chess Tourna"]
[Site "Ludlow Castle,New Delhi (INDIA)"]
[Date "2014.01.15"]
[Round "9"]
[Board "1"]
[White "Evdokimov, Alexander A."]
[Black "Gupta, Abhijeet"]
[Result "1/2-1/2"]
[WhiteElo "2558"]
[BlackElo "2606"]
[PlyCount "27"]
[EventDate "2014.01.09"]
[EventRounds "10"]
[EventCountry "IND"]

1. Nf3 Nf6 2. c4 g6 3. Nc3 d5 4. cxd5 Nxd5 5. Qa4+ Nc6 6. Ne5 Qd6 7. Nxc6 Qxc6
8. Qxc6+ bxc6 9. b3 Bg7 10. Bb2 Nxc3 11. Bxc3 Bxc3 12. dxc3 Be6 13. e3 a5 14.
Bc4 1/2-1/2

[Event "12th Delhi International Grandmasters Chess Tourna"]
[Site "Ludlow Castle,New Delhi (INDIA)"]
[Date "2014.01.15"]
[Round "9"]
[Board "2"]
[White "Lalith, Babu M.R."]
[Black "Gomez, John Paul"]
[Result "0-1"]
[WhiteElo "2579"]
[BlackElo "2541"]
[PlyCount "68"]
[EventDate "2014.01.09"]
[EventRounds "10"]
[EventCountry "IND"]

1. d4 d5 2. c4 c6 3. Nf3 Nf6 4. Nc3 dxc4 5. a4 Bf5 6. Ne5 Nbd7 7. Nxc4 Nb6 8.
Ne5 a5 9. f3 Nfd7 10. Nxd7 Nxd7 11. e4 Bg6 12. Be3 Qb6 13. Qd2 e5 14. O-O-O
exd4 15. Qxd4 Qxd4 16. Bxd4 f6 17. Bc4 Bc5 18. Rhe1 Bxd4 19. Rxd4 O-O-O 20. f4
Rhe8 21. g4 Re7 22. Red1 Rde8 23. Be6 Rxe6 24. Rxd7 R6e7 25. Rxe7 Rxe7 26. h4
h6 27. Re1 Kc7 28. Kd2 Bf7 29. Rg1 Bb3 30. g5 hxg5 31. hxg5 Kb6 32. Ke3 Kc5 33.
Ne2 Kb4 34. Nd4 Bd5 0-1

[Event "12th Delhi International Grandmasters Chess Tourna"]
[Site "Ludlow Castle,New Delhi (INDIA)"]
[Date "2014.01.15"]
[Round "9"]
[Board "3"]
[White "Neverov, Valeriy"]
[Black "Sattarov, Bobir"]
[Result "1-0"]
[WhiteElo "2519"]
[BlackElo "2194"]
[PlyCount "83"]
[EventDate "2014.01.09"]
[EventRounds "10"]
[EventCountry "IND"]

1. d4 b6 2. e4 Bb7 3. Bd3 Nf6 4. f3 d6 5. c4 e5 6. d5 c6 7. Nc3 cxd5 8. cxd5
Nbd7 9. Nge2 h5 10. O-O Be7 11. Be3 a6 12. Rc1 O-O 13. Qd2 Rc8 14. b4 Qe8 15.
Ng3 g6 16. Bh6 Nh7 17. Rc2 Qd8 18. Bxf8 Nhxf8 19. Qe2 Ra8 20. Nh1 Bg5 21. Nf2
Nf6 22. g3 h4 23. f4 exf4 24. Nh3 Bh6 25. gxf4 Bc8 26. Qg2 Ng4 27. Nd1 b5 28.
Rc6 a5 29. Be2 Nf6 30. Ndf2 axb4 31. e5 Ne8 32. Ng4 Bg7 33. f5 Nh7 34. f6 Bxg4
35. Bxg4 Bh6 36. Be6 Be3+ 37. Kh1 fxe6 38. Rxd6 Qb8 39. Qxg6+ Kh8 40. Rd7 Nf8
41. Qh5+ Kg8 42. Qf7+ 1-0

[Event "12th Delhi International Grandmasters Chess Tourna"]
[Site "Ludlow Castle,New Delhi (INDIA)"]
[Date "2014.01.15"]
[Round "9"]
[Board "4"]
[White "Ankit, R. Rajpara"]
[Black "Gasanov, Eldar"]
[Result "0-1"]
[WhiteElo "2443"]
[BlackElo "2469"]
[PlyCount "44"]
[EventDate "2014.01.09"]
[EventRounds "10"]
[EventCountry "IND"]

1. e4 d5 2. exd5 Qxd5 3. Nf3 Bg4 4. Be2 Nc6 5. h3 Bh5 6. d4 e6 7. c4 Qd7 8. Be3
Nf6 9. Nc3 O-O-O 10. O-O Bxf3 11. Bxf3 Nxd4 12. Bxd4 Qxd4 13. Qa4 Qb6 14. b4
Qxb4 15. Qxa7 Bc5 16. Bxb7+ Kd7 17. Qa6 Bd4 18. Rfd1 Qxc3 19. Rac1 Qb2 20. Rb1
Qxf2+ 21. Kh1 Ke7 22. a4 Be5 0-1

[Event "12th Delhi International Grandmasters Chess Tourna"]
[Site "Ludlow Castle,New Delhi (INDIA)"]
[Date "2014.01.15"]
[Round "9"]
[Board "5"]
[White "Laxman, R.R."]
[Black "Pantsulaia, Levan"]
[Result "0-1"]
[WhiteElo "2455"]
[BlackElo "2614"]
[PlyCount "52"]
[EventDate "2014.01.09"]
[EventRounds "10"]
[EventCountry "IND"]

1. d4 Nf6 2. Nf3 c5 3. c3 b6 4. Bg5 Bb7 5. Nbd2 e6 6. e4 cxd4 7. cxd4 h6 8.
Bxf6 Qxf6 9. Bd3 Nc6 10. e5 Qd8 11. a3 Ne7 12. O-O Nd5 13. Re1 Be7 14. Rc1 O-O
15. Bb1 Rc8 16. Ne4 Rxc1 17. Qxc1 Qc7 18. Qd2 Rc8 19. h4 Qc4 20. Nh2 f5 21.
exf6 Nxf6 22. Nxf6+ Bxf6 23. Ng4 Bxd4 24. Kh1 Bc3 25. Qxd7 Bxe1 26. Qxb7 Bxf2
0-1

[Event "12th Delhi International Grandmasters Chess Tourna"]
[Site "Ludlow Castle,New Delhi (INDIA)"]
[Date "2014.01.15"]
[Round "9"]
[Board "6"]
[White "Gagunashvili, Merab"]
[Black "Karthikeyan, Murali"]
[Result "1/2-1/2"]
[WhiteElo "2547"]
[BlackElo "2472"]
[PlyCount "84"]
[EventDate "2014.01.09"]
[EventRounds "10"]
[EventCountry "IND"]

1. d4 d5 2. c4 e6 3. Nc3 Be7 4. Nf3 Nf6 5. Bf4 O-O 6. e3 Nbd7 7. Be2 dxc4 8.
Bxc4 a6 9. a4 c5 10. dxc5 Bxc5 11. O-O b6 12. Qe2 Bb7 13. Rfd1 Qe7 14. Rac1 h6
15. h3 Rfc8 16. Bg3 Qe8 17. Bd6 Bxd6 18. Rxd6 Rc5 19. Rcd1 Bxf3 20. gxf3 Qc8
21. Bd3 Rh5 22. Be4 Rb8 23. Qd3 Nf8 24. Rd8 Qxd8 25. Qxd8 Rxd8 26. Rxd8 Rxh3
27. Rb8 N6d7 28. Rb7 a5 29. Bc6 Ne5 30. Rxb6 g5 31. Bb7 Nfg6 32. Rb5 Nc4 33. b4
axb4 34. Rxb4 Rh4 35. Ne2 Na5 36. Rxh4 Nxh4 37. Ba8 Nf5 38. f4 Kf8 39. Be4 Nd6
40. Bc2 Ke7 41. Kg2 Ndb7 42. Kg3 f5 1/2-1/2

[Event "12th Delhi International Grandmasters Chess Tourna"]
[Site "Ludlow Castle,New Delhi (INDIA)"]
[Date "2014.01.15"]
[Round "9"]
[Board "8"]
[White "Narayanan, Srinath"]
[Black "Dzhumaev, Marat"]
[Result "1-0"]
[WhiteElo "2414"]
[BlackElo "2521"]
[PlyCount "63"]
[EventDate "2014.01.09"]
[EventRounds "10"]
[EventCountry "IND"]

1. e4 Nf6 2. e5 Nd5 3. d4 d6 4. c4 Nb6 5. f4 dxe5 6. fxe5 Nc6 7. Be3 g6 8. h3
Bf5 9. Nc3 Nb4 10. Rc1 c5 11. d5 e6 12. Nf3 exd5 13. cxd5 c4 14. d6 Bg7 15. Nb5
O-O 16. Nc7 Nd3+ 17. Bxd3 Bxd3 18. Nxa8 Nd5 19. Qd2 Bxe5 20. Nxe5 Re8 21. Nc7
Rxe5 22. Nxd5 Rxd5 23. Kf2 Qxd6 24. Bf4 Qf6 25. Kg1 g5 26. Bg3 h5 27. h4 Be4
28. Qe3 Rd3 29. Qxe4 Rxg3 30. Rf1 Qb6+ 31. Kh2 Qc7 32. Qe8+ 1-0

[Event "12th Delhi International Grandmasters Chess Tourna"]
[Site "Ludlow Castle,New Delhi (INDIA)"]
[Date "2014.01.15"]
[Round "9"]
[Board "9"]
[White "Deepan, Chakkravarthy J."]
[Black "Saravanan, V."]
[Result "1-0"]
[WhiteElo "2475"]
[BlackElo "2341"]
[PlyCount "97"]
[EventDate "2014.01.09"]
[EventRounds "10"]
[EventCountry "IND"]

1. d4 Nf6 2. Nf3 g6 3. Bf4 Bg7 4. e3 O-O 5. Be2 d6 6. h3 b6 7. O-O c5 8. c3 Ba6
9. Bxa6 Nxa6 10. Nbd2 Nc7 11. a4 a6 12. Qe2 Nd7 13. e4 cxd4 14. cxd4 d5 15. e5
Ne6 16. Be3 Nb8 17. Ng5 Nxg5 18. Bxg5 Nc6 19. Nf3 Qd7 20. Rfc1 f6 21. Bf4 Rfc8
22. e6 Qb7 23. h4 Nd8 24. h5 g5 25. Bd6 exd6 26. e7 Nf7 27. Rxc8+ Qxc8 28. Re1
Qe8 29. Qe6 Ra7 30. g4 h6 31. Nd2 Kh8 32. Nf1 Ne5 33. dxe5 Rxe7 34. Qxd6 Rxe5
35. Rxe5 fxe5 36. Qxd5 Qxa4 37. Ne3 Qa1+ 38. Kg2 Qxb2 39. Qa8+ Kh7 40. Qe4+ Kh8
41. Nf5 Qa3 42. Nxg7 Kxg7 43. Qg6+ Kf8 44. Qxh6+ Kf7 45. Qg6+ Kf8 46. Qf6+ Ke8
47. h6 Qf8 48. Qxe5+ Kf7 49. h7 1-0

[Event "12th Delhi International Grandmasters Chess Tourna"]
[Site "Ludlow Castle,New Delhi (INDIA)"]
[Date "2014.01.15"]
[Round "9"]
[Board "11"]
[White "Barbosa, Oliver"]
[Black "Ziatdinov, Raset"]
[Result "1/2-1/2"]
[WhiteElo "2579"]
[BlackElo "2354"]
[PlyCount "30"]
[EventDate "2014.01.09"]
[EventRounds "10"]
[EventCountry "IND"]

1. d4 Nf6 2. c4 e5 3. dxe5 Ng4 4. Bf4 Nc6 5. Nf3 Bb4+ 6. Nbd2 Qe7 7. e3 O-O 8.
Be2 Ngxe5 9. O-O Nxf3+ 10. Nxf3 Bc5 11. Nd4 d6 12. Nb5 g5 13. Bg3 f5 14. Nc3
Be6 15. Qd2 Kh8 1/2-1/2

[Event "12th Delhi International Grandmasters Chess Tourna"]
[Site "Ludlow Castle,New Delhi (INDIA)"]
[Date "2014.01.15"]
[Round "9"]
[Board "12"]
[White "Himanshu, Sharma"]
[Black "Sengupta, Deep"]
[Result "0-1"]
[WhiteElo "2346"]
[BlackElo "2538"]
[PlyCount "90"]
[EventDate "2014.01.09"]
[EventRounds "10"]
[EventCountry "IND"]

1. Nf3 d5 2. d4 c6 3. Nbd2 Nf6 4. e3 Bf5 5. c4 e6 6. Qb3 Qc7 7. Nh4 Be4 8. cxd5
exd5 9. Nxe4 dxe4 10. Bd2 Nbd7 11. Rc1 Nb6 12. Bb4 Qd7 13. g3 Bxb4+ 14. Qxb4
Nbd5 15. Qa3 h6 16. Ng2 g5 17. h4 Rg8 18. Be2 a6 19. hxg5 hxg5 20. Rh6 O-O-O
21. Bxa6 Rh8 22. Rxh8 Rxh8 23. Bf1 Rh1 24. Qf8+ Kc7 25. Kd2 Rg1 26. Qg7 Qf5 27.
Qxf7+ Kb6 28. Nf4 gxf4 29. gxf4 Qc8 30. a3 Qh8 31. Bc4 Rxc1 32. Kxc1 Qh1+ 33.
Kc2 Qe1 34. Qf8 Qxf2+ 35. Kb1 Qg1+ 36. Ka2 Qg8 37. Qxg8 Nxg8 38. Bxd5 cxd5 39.
f5 Nf6 40. a4 Ng4 41. b4 Kc7 42. b5 Kb6 43. Ka3 Ka5 44. Kb3 Nxe3 45. f6 Nf5 0-1

[Event "12th Delhi International Grandmasters Chess Tourna"]
[Site "Ludlow Castle,New Delhi (INDIA)"]
[Date "2014.01.16"]
[Round "10"]
[Board "1"]
[White "Gupta, Abhijeet"]
[Black "Gasanov, Eldar"]
[Result "1/2-1/2"]
[WhiteElo "2606"]
[BlackElo "2469"]
[PlyCount "58"]
[EventDate "2014.01.09"]
[EventRounds "10"]
[EventCountry "IND"]

1. d4 e6 2. c4 Bb4+ 3. Bd2 a5 4. g3 d6 5. Bg2 e5 6. e3 Nf6 7. Ne2 Qe7 8. O-O
Bxd2 9. Qxd2 e4 10. Nbc3 O-O 11. Rac1 c6 12. a3 Bf5 13. h3 h5 14. Nf4 Nbd7 15.
f3 Rfe8 16. Rce1 Nb6 17. Qe2 g6 18. Qf2 exf3 19. Bxf3 Nxc4 20. e4 Bd7 21. b3
Nxa3 22. e5 dxe5 23. dxe5 Nh7 24. Bg2 Be6 25. Ne4 Nb5 26. Nc5 Nf8 27. Ne4 Nh7
28. Nc5 Nf8 29. Ne4 Nh7 1/2-1/2

[Event "12th Delhi International Grandmasters Chess Tourna"]
[Site "Ludlow Castle,New Delhi (INDIA)"]
[Date "2014.01.16"]
[Round "10"]
[Board "2"]
[White "Gomez, John Paul"]
[Black "Neverov, Valeriy"]
[Result "1/2-1/2"]
[WhiteElo "2541"]
[BlackElo "2519"]
[PlyCount "40"]
[EventDate "2014.01.09"]
[EventRounds "10"]
[EventCountry "IND"]

1. d4 Nf6 2. c4 e6 3. Nc3 Bb4 4. Nf3 b6 5. Bg5 Bb7 6. Nd2 h6 7. Bh4 Nc6 8. a3
Bxc3 9. bxc3 g5 10. Bg3 Nh5 11. d5 Na5 12. Be5 f6 13. e4 fxe5 14. Qxh5+ Ke7 15.
Nf3 Qe8 16. Qg4 Qf7 17. Nxe5 Qf6 18. Qg3 h5 19. h4 g4 20. Be2 d6 1/2-1/2